000 01905nam a2200253Ia 4500
005 20260213142548.0
008 210716s2018 xx 000 0 und d
020 _a9788126570843
040 _cAIMIT LIBRARY
041 _aeng
082 _a658.3124
_bTAYM
100 _aTaylor, Marie.
_9252832
245 _aBusiness coaching and mentoring for dummies /
_cBy Marie Taylor and Steve Crabb.
250 _a2nd Ed.
260 _aNew Delhi :
_bWiley India Pvt Ltd ,
_c2018.
300 _axv,403p. ;
_bPB
_c23.5 cm
500 _aBusiness Coaching & Mentoring For Dummies provides business owners and managers with the insight they need to successfully develop the next generation of leaders. Packed with business-led strategies, key concepts, and effective techniques, this book equips you with the skills to transform both yourself and your team. Whether you're coaching colleagues, employees, or offering your skills as a service, these techniques will help you build a productive relationship that leads to business success. The companion website also features eight bonus videos that will further your mastery by showing you what great coaching looks like in action. Navigate tricky situations and emotional minefields with ease; develop vision, values, and a mission; create a long-term plan—everything you need is here, with expert guidance every step of the way.
505 _rAbout the Author Marie Taylor had over 25 years’ experience in HR and Organizational Development. Her consultancy business focuses on success and transformational coaching and Organizational Development. Working with senior professionals
650 _aDeveloping the business leader's mind-set
_9252833
650 _aCoaching and mentoring to get a business on the right track
_9254637
650 _aThe part of tens
_9254638
700 _aCrabb, Steve.
_9252834
942 _2ddc
_cBK
_e2nd ed.
_k658.3124 TAYM
999 _c197212
_d197212